000 02010nam0a2200397 4500
001 RU\NLR\BIBL_A\012748642
005 20250624142014.0
020 _aRU
_9Сводный каталог листовок первых лет Советской власти (25 октября (7 ноября) 1917 - 1925)
035 _a(NLR Aleph) 012748642
090 _a13024970
_c13024970
100 _a20220401d1920 |||y0rusy50 ca
101 0 _arus
102 _aRU
105 _ay z 000zy
135 _acrcn 024anaba
200 1 _aК оружию! "Товарищи! Рабочие и работницы, крестьяне и крестьянки! Мировые разбойники ... не дают нам дышать..."
_e[листовка]
_fПолитотдел Н-ской дивизии
210 _aОдесса
_c[б. и.
_d1920]
215 _a1 с.
_d33x18
316 _aЭкз. ГПБ деф.: повреждены вых. дан.
_5NLR
325 _aКопия доступна в Электрон. б-ке РНБ
327 1 _aПризыв к борьбе с панской Польшей
517 1 _aРабочие и работницы, крестьяне и крестьянки!
517 1 _aМировые разбойники ... не дают нам дышать...
540 1 _aПризыв к борьбе с панской Польшей
607 _aУкраина
_jЛистовки
_xИстория
_z1917 - 1920
_92624242
_3RU\NLR\AUTH\661560802
686 0 _aТ3(2Ук)712-313,011
712 0 2 _4570
_aН-ская дивизия
_bПолитический отдел
_9647084
_3RU\NLR\AUTH\880493557
852 0 0 _aNLR
_bФЛ
_j64/155
942 _cBOOK
980 _aNB
981 2 1 _a(21) Листовки
_b(21) Листовки 1920 года